Sains polimer : (Record no. 2393)

000 -LEADER
fixed length control field nam a22 a 4500
003 - CONTROL NUMBER IDENTIFIER
control field AKMAL
005 - DATE AND TIME OF LATEST TRANSACTION
control field 20170516115138.0
008 - FIXED-LENGTH DATA ELEMENTS--GENERAL INFORMATION
fixed length control field 170516s1992 myw a00 may d
020 ## - INTERNATIONAL STANDARD BOOK NUMBER
International Standard Book Number 9836227342 (kkt.):
Terms of availability RM 12.00
040 ## - CATALOGING SOURCE
Original cataloging agency AKMAL
Transcribing agency AKMAL
049 ## - LOCAL HOLDINGS (OCLC)
Holding library mal
082 04 - DEWEY DECIMAL CLASSIFICATION NUMBER
Classification number 547.28 NG
090 ## - LOCALLY ASSIGNED LC-TYPE CALL NUMBER (OCLC); LOCAL CALL NUMBER (RLIN)
Classification number (OCLC) (R) ; Classification number, CALL (RLIN) (NR) 547.28
Local cutter number (OCLC) ; Book number/undivided call number, CALL (RLIN) NG
100 1# - MAIN ENTRY--PERSONAL NAME
Personal name Ng, Swee Ching
9 (RLIN) 4988
245 10 - TITLE STATEMENT
Title Sains polimer :
Remainder of title pempolimeran /
Statement of responsibility, etc. Ng Swee Ching
260 ## - PUBLICATION, DISTRIBUTION, ETC.
Place of publication, distribution, etc. Kuala Lumpur :
Name of publisher, distributor, etc. Dewan Bahasa dan Pustaka,
Date of publication, distribution, etc. 1992
300 ## - PHYSICAL DESCRIPTION
Extent ix, 167ms. ;
Dimensions 24cm
500 ## - GENERAL NOTE
General note Mengandungi indeks
504 ## - BIBLIOGRAPHY, ETC. NOTE
Bibliography, etc. note Bibliografi: ms. 163
650 ## - SUBJECT ADDED ENTRY--TOPICAL TERM
Topical term or geographic name entry element Polymerization
9 (RLIN) 4989
942 ## - ADDED ENTRY ELEMENTS (KOHA)
Source of classification or shelving scheme
Koha item type Book
Holdings
Withdrawn status Lost status Source of classification or shelving scheme Damaged status Not for loan Collection code Home library Current library Date acquired Inventory number Total Checkouts Full call number Barcode Date last seen Price effective from Koha item type
          NON-FICTION AKMAL Melaka AKMAL Melaka 16.05.2017 500324   547.28 NG 201706750 16.05.2017 16.05.2017 Book
Pusat Sumber Maklumat Dato' Haji Sarmin Md Hussin, Akademi Kastam Diraja Malaysia, Melaka
Tel: 06-2331106 | Faks: 06-2313787